Statistics for Fill In The Blanks #4

Click here to take the quiz!

General Stats

  • This quiz has been taken 39 times
    (38 since last reset)
  • The average score is 4 of 6

Answer Stats

Clue....Answer% Correct
Santa ClauseC_r_s_m_sChristmas
100%
BunnyE_s_e_Easter
87%
MenorahH_n_k_a_Hanukkah
87%
DiyaD_w_l_Diwali
65%
Red, Blue, and White Stripes_t_ o_ J_l_4th of July/American Independence Day
55%
Color PowderH_l_Holi
29%

Score Distribution

Percentile by Number Answered

Percent of People with Each Score

Your Score History

You have not taken this quiz since the last reset